[Event "FLORIPA CHESS OPEN 2015"]
[Site "Florianopolis/SC"]
[Date "2015.01.17"]
[Round "7"]
[Board "36"]
[White "Cadilhac, Igor Tokuichi Kikuch"]
[Black "Librelato, Kathie Goulart"]
[Result "1-0"]
[WhiteElo "2015"]
[BlackElo "1787"]
[PlyCount "73"]
[EventDate "2015.01.14"]
[EventRounds "10"]
[EventCountry "BRA"]

1. e4 e5 2. Nf3 Nc6 3. Bb5 a6 4. Ba4 Nf6 5. d3 b5 6. Bb3 Be7 7. O-O d6 8. c3
O-O 9. Re1 Na5 10. Bc2 c5 11. Nbd2 Nc6 12. a4 Bb7 13. Nf1 Qc7 14. Bg5 Rab8 15.
Ne3 Bc8 16. axb5 axb5 17. Nd5 Nxd5 18. exd5 Bxg5 19. Nxg5 Ne7 20. d4 h6 21. Nf3
exd4 22. Qd3 g6 23. cxd4 Bf5 24. Qd2 Bxc2 25. Qxc2 c4 26. Qe4 Nf5 27. g4 Ng7
28. Qf4 Kh7 29. Ra6 Rb6 30. Rxb6 Qxb6 31. Re7 b4 32. Nd2 Qd8 33. Re3 Qc7 34.
Ne4 Ne8 35. Rh3 f6 36. Qxh6+ Kg8 37. Qh8+ 1-0

[Event "FLORIPA CHESS OPEN 2015"]
[Site "Florianopolis/SC"]
[Date "2015.01.17"]
[Round "7"]
[Board "37"]
[White "Dias, Anderson Tatsch"]
[Black "Albuquerque Junior, Wellington"]
[Result "1/2-1/2"]
[WhiteElo "2212"]
[BlackElo "2109"]
[PlyCount "57"]
[EventDate "2015.01.14"]
[EventRounds "10"]
[EventCountry "BRA"]

1. Nf3 Nf6 2. d4 e6 3. c4 Nc6 4. g3 Bb4+ 5. Bd2 Qe7 6. Bg2 O-O 7. O-O Bxd2 8.
Qxd2 d6 9. Nc3 e5 10. d5 Nb8 11. e4 a5 12. Ne1 Na6 13. Nd3 Nc5 14. Nxc5 dxc5
15. f4 Ne8 16. f5 Nd6 17. b3 Bd7 18. Qe3 b6 19. a4 f6 20. h4 Kh8 21. g4 g6 22.
Kh2 Rg8 23. Bf3 Rg7 24. Rg1 Rag8 25. Ne2 gxf5 26. gxf5 Rxg1 27. Rxg1 Rxg1 28.
Nxg1 Qg7 29. Ne2 1/2-1/2

[Event "FLORIPA CHESS OPEN 2015"]
[Site "Florianopolis/SC"]
[Date "2015.01.17"]
[Round "7"]
[Board "38"]
[White "Gotz, Klaus Seiji Furucho"]
[Black "Barbisan Junior, Sergio"]
[Result "1-0"]
[WhiteElo "2143"]
[BlackElo "1886"]
[PlyCount "77"]
[EventDate "2015.01.14"]
[EventRounds "10"]
[EventCountry "BRA"]

1. d4 Nf6 2. Bg5 g6 3. Nc3 d5 4. f3 Bg7 5. Qd2 c6 6. O-O-O b5 7. Bxf6 exf6 8.
e4 b4 9. Nce2 a5 10. Kb1 O-O 11. exd5 cxd5 12. Nc1 Ba6 13. Bxa6 Nxa6 14. Nge2
a4 15. Rhe1 Qd6 16. Nd3 Rfc8 17. g3 Ra7 18. Nec1 Rac7 19. Re2 Rxc2 20. Qxc2
Rxc2 21. Rxc2 Bf8 22. Re1 Qd7 23. Nc5 Nxc5 24. dxc5 a3 25. c6 Qc7 26. b3 Bd6
27. Rd1 Qa5 28. Nd3 g5 29. Rdc1 Qb5 30. Rd1 Qa5 31. Nf2 h5 32. Rdd2 Kf8 33. Nd1
Ke8 34. Ne3 Kd8 35. Rxd5 Qb6 36. Rxd6+ Kc8 37. Rd3 Qb5 38. Rd1 g4 39. c7 1-0

[Event "FLORIPA CHESS OPEN 2015"]
[Site "Florianopolis/SC"]
[Date "2015.01.17"]
[Round "7"]
[Board "39"]
[White "Prol Medeiros, Horacio"]
[Black "Maiberg, Wellington Gubiani"]
[Result "1-0"]
[WhiteElo "2085"]
[BlackElo "1880"]
[PlyCount "75"]
[EventDate "2015.01.14"]
[EventRounds "10"]
[EventCountry "BRA"]

1. e4 c5 2. Nf3 d6 3. d4 cxd4 4. Nxd4 Nf6 5. Nc3 a6 6. Bc4 e6 7. Bb3 Be7 8. f4
Qc7 9. O-O Bd7 10. Kh1 Nc6 11. f5 Nxd4 12. Qxd4 exf5 13. exf5 O-O 14. Bg5 Rad8
15. Rae1 Rfe8 16. Rxe7 Rxe7 17. Bxf6 gxf6 18. Qxf6 Bc6 19. Nd5 Bxd5 20. Bxd5
Re5 21. Bxf7+ Qxf7 22. Qxd8+ Qf8 23. Qd7 Qe7 24. Qc8+ Kf7 25. Qh8 Qh4 26. h3
Re1 27. Rxe1 Qxe1+ 28. Kh2 Qh4 29. Qc3 Qf4+ 30. Qg3 Qxf5 31. Qf3 Kf6 32. Qxf5+
Kxf5 33. Kg3 Ke4 34. Kf2 h5 35. g3 d5 36. Ke2 d4 37. g4 h4 38. b4 1-0

[Event "FLORIPA CHESS OPEN 2015"]
[Site "Florianopolis/SC"]
[Date "2015.01.17"]
[Round "7"]
[Board "40"]
[White "Pereira, Geanfrancesco"]
[Black "Reis, Nicolas Rodrigues Dos"]
[Result "1/2-1/2"]
[WhiteElo "2046"]
[BlackElo "1870"]
[PlyCount "99"]
[EventDate "2015.01.14"]
[EventRounds "10"]
[EventCountry "BRA"]

1. e4 c5 2. Nf3 e6 3. Qe2 Nc6 4. b3 Nf6 5. Bb2 d5 6. exd5 Nxd5 7. g3 Nf6 8. Bg2
Be7 9. O-O O-O 10. Na3 Rb8 11. Rad1 a6 12. d4 cxd4 13. Nxd4 Nxd4 14. Rxd4 Qc7
15. Rfd1 b5 16. c4 b4 17. Nc2 Bb7 18. Bxb7 Qxb7 19. Ne3 Rfd8 20. Ng4 Rxd4 21.
Rxd4 Rc8 22. Qd2 Re8 23. Qg5 Nd5 24. Nh6+ Kf8 25. Qh5 Bf6 26. cxd5 gxh6 27. d6
Rc8 28. Qxh6+ Bg7 29. Qd2 Bxd4 30. Qxd4 Ke8 31. Qg7 Qf3 32. Qh8+ Kd7 33. Qd4
Qb7 34. Qf6 Kxd6 35. Be5+ Kc6 36. Qf3+ Kb6 37. Qe3+ Ka5 38. a4 Qd5 39. Bd4 Rc6
40. h4 f5 41. Kh2 h5 42. f3 Rc2+ 43. Kh3 Rc6 44. Ba7 f4 45. gxf4 Qf5+ 46. Kg3
Qg6+ 47. Kh3 Qf5+ 48. Kg3 Qg6+ 49. Kh3 Qf5+ 50. Kg3 1/2-1/2

[Event "FLORIPA CHESS OPEN 2015"]
[Site "Florianopolis/SC"]
[Date "2015.01.17"]
[Round "7"]
[Board "41"]
[White "Das Chagas, David Ferreira"]
[Black "Luz, Arthur Nader"]
[Result "0-1"]
[WhiteElo "1868"]
[BlackElo "2041"]
[PlyCount "54"]
[EventDate "2015.01.14"]
[EventRounds "10"]
[EventCountry "BRA"]

1. d4 f5 2. c4 Nf6 3. Nc3 g6 4. f3 Bg7 5. e4 fxe4 6. fxe4 O-O 7. Nf3 c5 8. d5
d6 9. Bg5 Bg4 10. Be2 a6 11. Qd2 Nbd7 12. h3 Bxf3 13. gxf3 Nh5 14. Rg1 Be5 15.
O-O-O b5 16. Rdf1 Nf4 17. Rg4 Nxe2+ 18. Qxe2 Bxc3 19. bxc3 Ne5 20. f4 Nxg4 21.
Qxg4 Qa5 22. Qe6+ Rf7 23. f5 Qxc3+ 24. Kd1 Qd3+ 25. Ke1 Qg3+ 26. Rf2 Qxg5 27.
fxg6 Qxg6 0-1

[Event "FLORIPA CHESS OPEN 2015"]
[Site "Florianopolis/SC"]
[Date "2015.01.17"]
[Round "7"]
[Board "42"]
[White "Cella, Glaucio Dalla Cortt"]
[Black "Ikeda, Vinicius Yasuto"]
[Result "0-1"]
[WhiteElo "2033"]
[BlackElo "1862"]
[PlyCount "74"]
[EventDate "2015.01.14"]
[EventRounds "10"]
[EventCountry "BRA"]

1. e4 e5 2. Nf3 Nc6 3. Bc4 Bc5 4. O-O Nf6 5. d4 Bxd4 6. Nxd4 Nxd4 7. f4 d6 8.
fxe5 dxe5 9. Bg5 Qe7 10. c3 Ne6 11. Bxf6 gxf6 12. Nd2 Bd7 13. Qf3 Nf4 14. g3
Rg8 15. Kh1 Bg4 16. Qf2 Nh5 17. Be2 Qe6 18. Bxg4 Qxg4 19. Qf5 Qxf5 20. Rxf5 Rg5
21. Nf3 Rxf5 22. exf5 Rd8 23. Re1 Rd5 24. Kg2 Kd7 25. Re4 Ng7 26. g4 Ne8 27.
Re2 Nd6 28. Rd2 Kc6 29. Re2 a5 30. Nd2 a4 31. b3 Rd3 32. c4 axb3 33. axb3 Kc5
34. g5 fxg5 35. Rxe5+ Kd4 36. Nf3+ Rxf3 37. Rd5+ Ke4 0-1

[Event "FLORIPA CHESS OPEN 2015"]
[Site "Florianopolis/SC"]
[Date "2015.01.17"]
[Round "7"]
[Board "43"]
[White "Salustiano, Murilo Gimenez"]
[Black "Sena Moura, Danielle"]
[Result "1/2-1/2"]
[WhiteElo "2026"]
[BlackElo "1841"]
[PlyCount "47"]
[EventDate "2015.01.14"]
[EventRounds "10"]
[EventCountry "BRA"]

1. d4 Nf6 2. Nf3 g6 3. Bf4 d5 4. e3 Bg7 5. Bd3 c5 6. c3 Nc6 7. O-O O-O 8. h3
Qb6 9. Qb3 c4 10. Qxb6 axb6 11. Bc2 b5 12. Nbd2 Nh5 13. Bh2 f5 14. a3 Nf6 15.
Ne5 Bh6 16. Ndf3 Nd7 17. Rfe1 Ndxe5 18. Nxe5 Nxe5 19. Bxe5 Bd7 20. f3 Rf7 21.
e4 fxe4 22. fxe4 Raf8 23. Re2 e6 24. Rae1 1/2-1/2

[Event "FLORIPA CHESS OPEN 2015"]
[Site "Florianopolis/SC"]
[Date "2015.01.17"]
[Round "7"]
[Board "44"]
[White "Fonseca Rodrigues, Edson"]
[Black "Mello, Amanda Carolina De"]
[Result "1-0"]
[WhiteElo "2024"]
[BlackElo "1844"]
[PlyCount "83"]
[EventDate "2015.01.14"]
[EventRounds "10"]
[EventCountry "BRA"]

1. e4 c6 2. d4 d5 3. exd5 cxd5 4. Bd3 Nf6 5. c3 Nc6 6. Bf4 e6 7. Nf3 Bd6 8. Bg3
O-O 9. Qe2 a6 10. Nbd2 b5 11. Ne5 Ne7 12. a3 Qc7 13. f4 Ng6 14. h4 Re8 15. h5
Nf8 16. Ndf3 N6d7 17. Bc2 f6 18. Nd3 h6 19. O-O Bb7 20. Nh4 f5 21. Ne5 Nf6 22.
Nhg6 Nxg6 23. Nxg6 a5 24. Bh4 Ne4 25. Bd3 Bc6 26. Ne5 Reb8 27. Rac1 Be8 28. g4
Bxe5 29. fxe5 Qf7 30. Bxe4 dxe4 31. gxf5 exf5 32. Rf2 Bd7 33. Rcf1 g5 34. hxg6
Qg7 35. Bf6 Qf8 36. Qh5 Be6 37. g7 Qc8 38. Qxh6 Kf7 39. Qh5+ Kg8 40. Rh2 Bc4
41. Qh7+ Kf7 42. g8=Q# 1-0

[Event "FLORIPA CHESS OPEN 2015"]
[Site "Florianopolis/SC"]
[Date "2015.01.17"]
[Round "7"]
[Board "45"]
[White "Almeida, Heidy Jose Moreira De"]
[Black "Pezzini, Leonardo Stadler"]
[Result "1/2-1/2"]
[WhiteElo "2014"]
[BlackElo "1902"]
[PlyCount "24"]
[EventDate "2015.01.14"]
[EventRounds "10"]
[EventCountry "BRA"]

1. e4 e6 2. d4 d5 3. Nc3 dxe4 4. Nxe4 Nf6 5. Bd3 Bd7 6. c3 Bc6 7. Qe2 Nbd7 8.
Nf3 Nxe4 9. Bxe4 Bxe4 10. Qxe4 c6 11. Bf4 Nf6 12. Qe2 Be7 1/2-1/2

[Event "FLORIPA CHESS OPEN 2015"]
[Site "Florianopolis/SC"]
[Date "2015.01.17"]
[Round "7"]
[Board "46"]
[White "De Pieri, Herik Soares"]
[Black "Lopes, Marcelo Ferreira"]
[Result "0-1"]
[WhiteElo "1701"]
[BlackElo "2002"]
[PlyCount "65"]
[EventDate "2015.01.14"]
[EventRounds "10"]
[EventCountry "BRA"]

1. b3 d5 2. Bb2 Nf6 3. Nf3 Bf5 4. e3 e6 5. a3 Bd6 6. d3 c5 7. Nbd2 Nc6 8. Be2
h6 9. O-O O-O 10. Nh4 Bh7 11. f4 Ng4 12. Bxg4 Qxh4 13. Bf3 Rad8 14. g3 Qe7 15.
e4 Bb8 16. exd5 exd5 17. Re1 Qd7 18. Qe2 b5 19. Qf2 a6 20. Kh1 Bf5 21. Nf1 Ba7
22. Qd2 Bg4 23. Bg2 d4 24. a4 Nb4 25. Ba3 Nd5 26. Re5 Ne3 27. Nxe3 dxe3 28.
Qxe3 c4 29. Qe1 cxd3 30. cxd3 Rfe8 31. Rxe8+ Rxe8 32. Qc3 Bd4 33. Bc6 0-1

[Event "FLORIPA CHESS OPEN 2015"]
[Site "Florianopolis/SC"]
[Date "2015.01.17"]
[Round "7"]
[Board "47"]
[White "Pedruzzi, Pedro Henrique"]
[Black "Da Silva, Jefferson Rian Ferre"]
[Result "1/2-1/2"]
[WhiteElo "1812"]
[BlackElo "2000"]
[PlyCount "47"]
[EventDate "2015.01.14"]
[EventRounds "10"]
[EventCountry "BRA"]

1. d4 Nf6 2. c4 g6 3. Nc3 Bg7 4. e4 d6 5. Nge2 O-O 6. Ng3 e5 7. d5 c6 8. Be2 a6
9. Bg5 h6 10. Be3 c5 11. O-O Kh7 12. a3 h5 13. Bg5 Bh6 14. Qd2 Bxg5 15. Qxg5
Ng8 16. Qxd8 Rxd8 17. f4 Kg7 18. f5 Nf6 19. fxg6 fxg6 20. b4 h4 21. Nh1 Kf7 22.
bxc5 dxc5 23. Nf2 Nbd7 24. Bg4 {Ilegivel} 1/2-1/2

[Event "FLORIPA CHESS OPEN 2015"]
[Site "Florianopolis/SC"]
[Date "2015.01.17"]
[Round "7"]
[Board "48"]
[White "Bernardes, Arthur Feliphe Stru"]
[Black "Pertuzatti, Daniel"]
[Result "1-0"]
[WhiteElo "1694"]
[BlackElo "1982"]
[PlyCount "79"]
[EventDate "2015.01.14"]
[EventRounds "10"]
[EventCountry "BRA"]

1. Nf3 e6 2. g3 Nf6 3. Bg2 Be7 4. b3 c5 5. Bb2 Nc6 6. d4 d5 7. e3 O-O 8. O-O b6
9. Nbd2 Ba6 10. Re1 Rc8 11. h4 g6 12. e4 dxe4 13. Nxe4 Nxe4 14. Rxe4 Bf6 15. h5
c4 16. Qd2 Ne7 17. Ba3 c3 18. Qe3 Nd5 19. Qc1 Re8 20. g4 g5 21. Ne5 h6 22. Re1
Nf4 23. Qd1 Nxg2 24. Kxg2 Bb7+ 25. f3 Qd5 26. Qd3 Red8 27. Rad1 Qa5 28. Nxf7
Bg7 29. Nxd8 Rxd8 30. Be7 Rd7 31. Bf6 Rf7 32. Rxe6 Bxf6 33. Qg6+ Bg7 34. Re8+
Rf8 35. Qe6+ Kh8 36. Rxf8+ Bxf8 37. Qf7 Bg7 38. Re1 Bc6 39. Re7 Bxf3+ 40. Kxf3
 1-0

[Event "FLORIPA CHESS OPEN 2015"]
[Site "Florianopolis/SC"]
[Date "2015.01.17"]
[Round "7"]
[Board "49"]
[White "Ribeiro, Regina"]
[Black "Souza, Bruna Garcia De"]
[Result "1/2-1/2"]
[WhiteElo "1967"]
[BlackElo "1509"]
[PlyCount "88"]
[EventDate "2015.01.14"]
[EventRounds "10"]
[EventCountry "BRA"]

1. Nf3 d5 2. g3 Nc6 3. d4 Nf6 4. Bg2 Bf5 5. c4 dxc4 6. Qa4 Bd7 7. Qxc4 e6 8.
O-O Rb8 9. Nc3 Bd6 10. Nb5 a6 11. Nxd6+ cxd6 12. Bf4 d5 13. Qb3 Na5 14. Qb4 Rc8
15. Rfc1 Bc6 16. Ne5 b6 17. Nxc6 Rxc6 18. Rxc6 Nxc6 19. Qa4 Qa8 20. Rc1 b5 21.
Qd1 O-O 22. e3 Rc8 23. f3 Nb4 24. Rxc8+ Qxc8 25. a3 Qc2 26. Qxc2 Nxc2 27. Bf1
Nd7 28. a4 bxa4 29. Bxa6 a3 30. bxa3 Nxa3 31. Kf2 h6 32. Bc7 Nf6 33. Bd6 Nc4
34. Bxc4 dxc4 35. Ke2 g5 36. g4 Nd7 37. Bc7 Kh7 38. Kd2 Kg6 39. Kc3 f5 40. Kxc4
fxg4 41. fxg4 Nf6 42. Bg3 Nxg4 43. e4 Nf6 44. Kd3 h5 1/2-1/2

[Event "FLORIPA CHESS OPEN 2015"]
[Site "Florianopolis/SC"]
[Date "2015.01.17"]
[Round "7"]
[Board "50"]
[White "Melo, Maicon Joao"]
[Black "Zimmermann, Kleber Renato P."]
[Result "1/2-1/2"]
[WhiteElo "1851"]
[BlackElo "1967"]
[PlyCount "56"]
[EventDate "2015.01.14"]
[EventRounds "10"]
[EventCountry "BRA"]

1. d4 Nf6 2. Bg5 g6 3. Nc3 Bg7 4. e4 d6 5. Qd2 O-O 6. Be2 c5 7. dxc5 dxc5 8.
Qxd8 Rxd8 9. e5 Ng4 10. Bxe7 Re8 11. Bxc5 Bxe5 12. h3 Bxc3+ 13. bxc3 Nf6 14.
O-O-O Nc6 15. Bf3 Be6 16. Kb1 Rac8 17. Ne2 b6 18. Bd6 Na5 19. Nd4 Bd5 20. Rd3
Bxf3 21. gxf3 Nc4 22. Nb5 Re2 23. Bg3 Rc5 24. Nd4 Re8 25. Nb3 Rcc8 26. Rhd1 Re2
27. Nd4 Ree8 28. Nb3 Re2 1/2-1/2

[Event "FLORIPA CHESS OPEN 2015"]
[Site "Florianopolis/SC"]
[Date "2015.01.17"]
[Round "8"]
[Board "3"]
[White "Bachmann, Axel"]
[Black "Menna Barreto, Felipe Kubiaki"]
[Result "1-0"]
[WhiteElo "2629"]
[BlackElo "2247"]
[PlyCount "51"]
[EventDate "2015.01.14"]
[EventRounds "10"]
[EventCountry "BRA"]

1. c4 g6 2. d4 Nf6 3. Nc3 Bg7 4. e4 d6 5. Nf3 Bg4 6. Be2 O-O 7. Be3 Nfd7 8. O-O
Nc6 9. d5 Na5 10. Nd2 Bxe2 11. Qxe2 Bxc3 12. bxc3 e5 13. dxe6 fxe6 14. Bh6 Rf7
15. f4 Nc6 16. Rf3 Ne7 17. Raf1 c6 18. Kh1 Nc5 19. Nb3 Nxb3 20. axb3 a5 21. g4
Qd7 22. f5 exf5 23. gxf5 Re8 24. Qg2 Nc8 25. fxg6 Rxf3 26. Rxf3 1-0

[Event "FLORIPA CHESS OPEN 2015"]
[Site "Florianopolis/SC"]
[Date "2015.01.17"]
[Round "8"]
[Board "5"]
[White "Cruz, William Ferreira Da"]
[Black "Matsuura, Everaldo"]
[Result "0-1"]
[WhiteElo "2238"]
[BlackElo "2505"]
[PlyCount "36"]
[EventDate "2015.01.14"]
[EventRounds "10"]
[EventCountry "BRA"]

1. d4 g6 2. c4 Bg7 3. Nc3 d6 4. e4 e5 5. Nf3 Nc6 6. Be3 Bg4 7. Qa4 exd4 8. Bxd4
Nf6 9. h3 Bxf3 10. gxf3 O-O 11. Be3 Nh5 12. Be2 Bxc3+ 13. bxc3 Qf6 14. Qd1 Nf4
15. Rb1 Qxc3+ 16. Qd2 Nxe2 17. Kxe2 Qxc4+ 18. Ke1 Ne5 0-1

[Event "FLORIPA CHESS OPEN 2015"]
[Site "Florianopolis/SC"]
[Date "2015.01.17"]
[Round "8"]
[Board "6"]
[White "Caetano, Hugo Zanotti Mendonca"]
[Black "Stamenkovic, Dragan"]
[Result "1/2-1/2"]
[WhiteElo "2215"]
[BlackElo "2409"]
[PlyCount "50"]
[EventDate "2015.01.14"]
[EventRounds "10"]
[EventCountry "BRA"]

1. d4 Nf6 2. c4 e6 3. Nf3 d5 4. Nc3 c6 5. cxd5 exd5 6. Bg5 Be7 7. e3 Bf5 8. Bd3
Bxd3 9. Qxd3 Nbd7 10. O-O O-O 11. Rfe1 Re8 12. Rab1 a5 13. Bxf6 Bxf6 14. e4
dxe4 15. Nxe4 Be7 16. Neg5 Bxg5 17. Rxe8+ Qxe8 18. Nxg5 Nf6 19. Nf3 Qe6 20. a3
Re8 21. h3 Qe2 22. Qf5 Qe4 23. Qxe4 Rxe4 24. b4 axb4 25. axb4 Nd5 1/2-1/2

[Event "FLORIPA CHESS OPEN 2015"]
[Site "Florianopolis/SC"]
[Date "2015.01.17"]
[Round "8"]
[Board "7"]
[White "Pottker, Gustavo Sartori"]
[Black "Abdalla, Luiz Guilherme Aurell"]
[Result "1-0"]
[WhiteElo "2109"]
[BlackElo "2304"]
[PlyCount "83"]
[EventDate "2015.01.14"]
[EventRounds "10"]
[EventCountry "BRA"]

1. d4 Nf6 2. c4 g6 3. Nf3 Bg7 4. g3 O-O 5. Bg2 d5 6. cxd5 Nxd5 7. O-O Nc6 8.
Nc3 e5 9. Nxd5 e4 10. Nc3 exf3 11. Bxf3 Nxd4 12. Bg2 c6 13. e3 Nf5 14. Qc2 Qa5
15. Ne4 Qb6 16. a4 a5 17. Ra3 Rd8 18. Rb3 Qc7 19. Bd2 Nd6 20. Bc3 Nxe4 21. Bxg7
Kxg7 22. Bxe4 Be6 23. Rc3 Qd6 24. Rb1 Qb4 25. Bd3 Re8 26. Bc4 Rad8 27. Bxe6
Rxe6 28. Rc4 Qd2 29. b4 Rf6 30. Qb2 axb4 31. Rxb4 Rd7 32. Rxb7 Rxb7 33. Qxd2
Rxb1+ 34. Kg2 Ra1 35. a5 h5 36. f4 Ra4 37. Qc3 c5 38. h3 Ra2+ 39. Kf3 Rh2 40.
Qa1 c4 41. a6 Rxh3 42. Kg2 1-0

[Event "FLORIPA CHESS OPEN 2015"]
[Site "Florianopolis/SC"]
[Date "2015.01.17"]
[Round "8"]
[Board "8"]
[White "Di Berardino, Diego Rafael"]
[Black "Calcado, Acyr Rogerio"]
[Result "1-0"]
[WhiteElo "2484"]
[BlackElo "2133"]
[PlyCount "85"]
[EventDate "2015.01.14"]
[EventRounds "10"]
[EventCountry "BRA"]

1. e4 e5 2. Nf3 Nc6 3. Bb5 a6 4. Ba4 Nf6 5. O-O Be7 6. Re1 b5 7. Bb3 d6 8. c3
O-O 9. h3 Na5 10. Bc2 c5 11. d4 Qc7 12. Nbd2 cxd4 13. cxd4 Bd7 14. Nf1 Rac8 15.
Ne3 Nc6 16. d5 Nb4 17. Bb1 a5 18. a3 Na6 19. b4 g6 20. Bd2 Nh5 21. Bd3 Qb7 22.
Bf1 Ng7 23. Ng4 axb4 24. axb4 Nc7 25. Be3 Ra8 26. Nh6+ Kh8 27. Nxe5 dxe5 28. d6
Rxa1 29. dxe7 Rfa8 30. Nxf7+ Kg8 31. Nh6+ Kh8 32. Qxd7 Rxe1 33. Nf7+ Kg8 34.
Nd8 Raa1 35. Nxb7 Nge8 36. Bb6 Rxf1+ 37. Kh2 Rfd1 38. Qc6 Rac1 39. Nc5 Rd6 40.
Qxc7 Nxc7 41. Bxc7 Kf7 42. Bxd6 Rd1 43. Nb7 1-0

[Event "FLORIPA CHESS OPEN 2015"]
[Site "Florianopolis/SC"]
[Date "2015.01.17"]
[Round "8"]
[Board "9"]
[White "Paveto, Kevin"]
[Black "Mendonca Campelo, Higor Carlos"]
[Result "1-0"]
[WhiteElo "2437"]
[BlackElo "2119"]
[PlyCount "123"]
[EventDate "2015.01.14"]
[EventRounds "10"]
[EventCountry "BRA"]

1. e4 e6 2. d4 d5 3. Nd2 Nf6 4. e5 Nfd7 5. Bd3 c5 6. c3 Nc6 7. Ne2 cxd4 8. cxd4
f6 9. exf6 Nxf6 10. O-O Bd6 11. Nf3 Qc7 12. g3 O-O 13. Bf4 e5 14. dxe5 Nxe5 15.
Nxe5 Bxe5 16. Qc1 Qd6 17. Bxe5 Qxe5 18. Qc3 Qxc3 19. Nxc3 Bh3 20. Rfe1 Rf7 21.
Re5 Raf8 22. f4 Rd8 23. Rd1 Kf8 24. Bc4 Bg4 25. Rd2 Rfd7 26. Nxd5 Rc8 27. Bb3
Bf3 28. Nxf6 Rc1+ 29. Kf2 Rxd2+ 30. Ke3 gxf6 31. Kxd2 Rh1 32. Re6 Rxh2+ 33. Ke3
Bc6 34. Rxf6+ Kg7 35. Rf7+ Kg6 36. Rf8 Kg7 37. Rg8+ Kf6 38. g4 h6 39. Rh8 Kg7
40. Rg8+ Kf6 41. Rf8+ Ke7 42. Rh8 Rh3+ 43. Kd4 Rh4 44. Ke5 Rxg4 45. Rxh6 Rg2
46. Rh7+ Ke8 47. f5 Re2+ 48. Kf6 Rxb2 49. Be6 Kd8 50. Rh8+ Kc7 51. Ke7 Re2 52.
Rc8+ Kb6 53. Rd8 Bf3 54. f6 Bh5 55. Rd5 Bg6 56. Rg5 Be8 57. Kxe8 Rxe6+ 58. Kf7
Re2 59. Kg6 Rxa2 60. f7 Rf2 61. Rf5 Rg2+ 62. Kf6 1-0

[Event "FLORIPA CHESS OPEN 2015"]
[Site "Florianopolis/SC"]
[Date "2015.01.17"]
[Round "8"]
[Board "10"]
[White "Quintiliano Pinto, Renato R."]
[Black "Rocha, Vitor Firmo De Souza"]
[Result "1-0"]
[WhiteElo "2364"]
[BlackElo "2040"]
[PlyCount "61"]
[EventDate "2015.01.14"]
[EventRounds "10"]
[EventCountry "BRA"]

1. d4 d5 2. c4 e6 3. Nf3 Nf6 4. Nc3 Bb4 5. cxd5 exd5 6. Bg5 c5 7. e3 h6 8. Bh4
g5 9. Bg3 Ne4 10. Bb5+ Kf8 11. O-O Bxc3 12. bxc3 c4 13. Qc2 Bf5 14. Qb2 Qa5 15.
Bxc4 Bc8 16. Bd3 Nc6 17. c4 f5 18. cxd5 Qxd5 19. Bxe4 fxe4 20. Ne5 Nxe5 21.
Bxe5 Rh7 22. f3 exf3 23. Rxf3+ Kg8 24. Raf1 Be6 25. Qc2 Bf7 26. Rxf7 Rxf7 27.
Qg6+ Kf8 28. Bd6+ Ke8 29. Qg8+ Kd7 30. Rxf7+ Kc6 31. Rc7+ 1-0

[Event "FLORIPA CHESS OPEN 2015"]
[Site "Florianopolis/SC"]
[Date "2015.01.17"]
[Round "8"]
[Board "11"]
[White "Gazel, Frederico"]
[Black "Cadilhac, Igor Tokuichi Kikuch"]
[Result "1/2-1/2"]
[WhiteElo "2292"]
[BlackElo "2015"]
[PlyCount "51"]
[EventDate "2015.01.14"]
[EventRounds "10"]
[EventCountry "BRA"]

1. Nf3 c5 2. g3 Nc6 3. Bg2 g6 4. O-O Bg7 5. c4 e5 6. Nc3 Nge7 7. d3 d6 8. a3
O-O 9. Rb1 a5 10. Ne1 Be6 11. Nd5 a4 12. Nc3 d5 13. cxd5 Nxd5 14. Nxa4 Qa5 15.
Nc3 Nxc3 16. bxc3 Qxc3 17. Rxb7 Nd4 18. Bb2 Qa5 19. Nc2 Rab8 20. Nxd4 cxd4 21.
Qc2 Rxb7 22. Bxb7 Rb8 23. Bf3 Rc8 24. Qb1 Bf8 25. Qa1 Rb8 26. Kg2 1/2-1/2

[Event "FLORIPA CHESS OPEN 2015"]
[Site "Florianopolis/SC"]
[Date "2015.01.17"]
[Round "8"]
[Board "12"]
[White "Delgado, Lidio Dias"]
[Black "Martins, Anderson Donay"]
[Result "1-0"]
[WhiteElo "2262"]
[BlackElo "2000"]
[PlyCount "103"]
[EventDate "2015.01.14"]
[EventRounds "10"]
[EventCountry "BRA"]

1. d4 d5 2. Nf3 c6 3. c4 Nf6 4. Nc3 dxc4 5. a4 Bf5 6. e3 e6 7. Bxc4 Nbd7 8. O-O
Be7 9. Qe2 O-O 10. e4 Bg4 11. Be3 a6 12. h3 Bh5 13. e5 Nd5 14. Nxd5 cxd5 15.
Bd3 Bg6 16. Rfc1 Nb8 17. Bxg6 hxg6 18. Ne1 Nc6 19. Nd3 Rc8 20. Rc3 Qd7 21. h4
Nb4 22. Nf4 Rc6 23. Rac1 Rfc8 24. h5 g5 25. Nh3 f6 26. f4 Rxc3 27. bxc3 Nc6 28.
h6 fxe5 29. dxe5 gxf4 30. Nxf4 Qc7 31. h7+ Kxh7 32. Qh5+ Kg8 33. Ng6 Nxe5 34.
Nxe5 Rf8 35. Bd4 Rf5 36. Qe8+ Rf8 37. Qg6 Rf6 38. Qg4 Bc5 39. Re1 Rf5 40. Nf3
Bxd4+ 41. cxd4 Qf7 42. Rc1 Qd7 43. Ne5 Qd8 44. Ng6 Rf6 45. Ne5 Rf5 46. Rc3 b5
47. Qg6 Rf6 48. Qc2 Qa5 49. Rc8+ Rf8 50. Rxf8+ Kxf8 51. Qc8+ Ke7 52. Nc6+ 1-0

[Event "FLORIPA CHESS OPEN 2015"]
[Site "Florianopolis/SC"]
[Date "2015.01.17"]
[Round "8"]
[Board "13"]
[White "Gauche, Charles"]
[Black "Franca, Willian Bento"]
[Result "1-0"]
[WhiteElo "2229"]
[BlackElo "2008"]
[PlyCount "87"]
[EventDate "2015.01.14"]
[EventRounds "10"]
[EventCountry "BRA"]

1. e4 c5 2. Nf3 g6 3. Nc3 Bg7 4. g3 Nc6 5. Bg2 Nf6 6. d3 d6 7. h3 O-O 8. O-O
Rb8 9. Be3 Re8 10. d4 cxd4 11. Nxd4 Ne5 12. b3 Qa5 13. Nce2 Bd7 14. c4 Nc6 15.
Bd2 Qh5 16. Nxc6 Bxc6 17. Nc3 b5 18. cxb5 Bxb5 19. Nxb5 Qxb5 20. Re1 Nd7 21.
Bf1 Qb7 22. Rc1 Rec8 23. Qe2 Rxc1 24. Rxc1 Rc8 25. Rxc8+ Qxc8 26. Be3 Qc7 27.
Qb5 Bc3 28. Qa6 Nb6 29. Qb5 Nd7 30. Qa6 Nb6 31. a4 Bb4 32. Qb5 Bc5 33. Bh6 Qd7
34. Qd3 e5 35. a5 Na8 36. Qf3 Nc7 37. Bc4 Qe7 38. Bg5 Qf8 39. Qf6 Ne8 40. Qd8
Ng7 41. Qd7 Qe8 42. Qb7 Ne6 43. Bf6 Bd4 44. Bxe6 1-0

[Event "FLORIPA CHESS OPEN 2015"]
[Site "Florianopolis/SC"]
[Date "2015.01.17"]
[Round "8"]
[Board "14"]
[White "Queiroz, Alberto Becker"]
[Black "Guimaraes, Diogo Duarte"]
[Result "1-0"]
[WhiteElo "2111"]
[BlackElo "2221"]
[PlyCount "77"]
[EventDate "2015.01.14"]
[EventRounds "10"]
[EventCountry "BRA"]

1. e4 e5 2. f4 d5 3. exd5 exf4 4. Nf3 Nf6 5. Bc4 Nxd5 6. O-O Be6 7. Bb3 c5 8.
d3 g5 9. Qe1 Be7 10. Nc3 Nc6 11. Nxg5 Bxg5 12. Bxd5 Qd7 13. Bxe6 fxe6 14. Ne4
Be7 15. Bxf4 O-O-O 16. Kh1 Rhg8 17. Bg3 h5 18. Rf7 Qe8 19. Qf2 h4 20. Rxe7 Nxe7
21. Nd6+ Rxd6 22. Bxd6 h3 23. Qxc5+ Nc6 24. Bg3 Qf7 25. Qe3 hxg2+ 26. Kxg2 e5
27. Qf3 Qe6 28. c3 Ne7 29. Rf1 Qxa2 30. Rf2 Qe6 31. Kg1 Rg4 32. Qf7 Kd7 33.
Qxe6+ Kxe6 34. Re2 Nf5 35. Rxe5+ Kf6 36. Re4 Rxe4 37. dxe4 Ne3 38. Bf2 Nd1 39.
Bd4+ 1-0